LEADER 03048nam 2200625 450 001 9910463637003321 005 20200520144314.0 010 $a0-19-020440-0 010 $a0-19-020439-7 035 $a(CKB)2670000000578844 035 $a(EBL)1876221 035 $a(SSID)ssj0001413356 035 $a(PQKBManifestationID)12523165 035 $a(PQKBTitleCode)TC0001413356 035 $a(PQKBWorkID)11416017 035 $a(PQKB)10633327 035 $a(MiAaPQ)EBC1876221 035 $a(Au-PeEL)EBL1876221 035 $a(CaPaEBR)ebr10992256 035 $a(CaONFJC)MIL666101 035 $a(OCoLC)897466477 035 $a(EXLCZ)992670000000578844 100 $a20141208h20152015 uy| 0 101 0 $aeng 135 $aur|n|---||||| 181 $ctxt 182 $cc 183 $acr 200 10$aParticipatory action research /$fHal A. Lawson [and four others] 205 $aFirst edition. 210 1$aOxford :$cOxford University Press,$d[2015] 210 4$dİ2015 215 $a1 online resource (225 p.) 225 1 $aPocket guides to social work research methods 300 $aDescription based upon print version of record. 311 $a0-19-020438-9 311 $a1-322-34819-7 320 $aIncludes bibliographical references and index. 327 $aCover; Series; Participatory Action Research; Copyright; Contents; Acknowledgments; Introduction; 1 Introducing Participatory Action Research; 2 Child Welfare Participatory Action Research Design Teams for Workforce Reconfiguration, Organizational Innovation, and Policy Change; 3 Participatory Action Research with Youth; 4 A Complex, Community-Based Participatory Action Research Design to Address Obesity in Young Children and Their Families; 5 The Critical-Emancipatory Tradition of Participatory Action Research in Postdisaster Recovery Settings in the Global South 327 $a6 Summary Reflections and Lessons LearnedKey Websites for ParticipatoryAction Research; References; Index 330 $aAs novel, complex social problems increase, especially those involving vulnerable people who reside in challenging places, the limitations of conventional research methods implemented by just one or two investigators become apparent. Research and development alternatives are needed, particularly methods that engage teams of researchers in real world problem solving while simultaneously generating practice- and policy-relevant knowledge. Research methods that effectively tap the expertise of everyday people, especially those impacted by these targeted social problems, are a special priority bec 410 0$aPocket guides to social work research methods. 606 $aAction research 608 $aElectronic books. 615 0$aAction research. 676 $a300.72 676 $a361.3072 700 $aLawson$b Hal A.$0870932 801 0$bMiAaPQ 801 1$bMiAaPQ 801 2$bMiAaPQ 906 $aBOOK 912 $a9910463637003321 996 $aParticipatory action research$92039073 997 $aUNINA LEADER 02374nam 2200409z- 450 001 9910688568803321 005 20210211 010 $a989-26-1861-0 035 $a(CKB)4100000011302783 035 $a(oapen)https://directory.doabooks.org/handle/20.500.12854/47083 035 $a(oapen)doab47083 035 $a(EXLCZ)994100000011302783 100 $a20202102d2019 |y 0 101 0 $aeng 135 $aurmn|---annan 181 $ctxt$2rdacontent 182 $cc$2rdamedia 183 $acr$2rdacarrier 200 00$aEuropean public sector accounting 210 $cCoimbra University Press$d2019 215 $a1 online resource (435 p.) 225 1 $aEnsino 311 08$a989-26-1856-4 330 $aPublic sector accounting (PSA) and reporting was subject to considerable national reforms during the last decades and is in the focus of the European Commission aiming to harmonize the accounting systems of its Member States by developing European Public Sector Accounting Standards (EPSAS). Therefore, the topic is of high relevance for both academia and practitioners. This book provides different views about PSA in Europe as of today. It spans topics such as history of PSA, its differences to private sector accounting and finance statistics, as well as budgeting. A main part is devoted to International Public Sector Accounting Standards (IPSAS) by addressing their spread, conceptual framework and selected public sector specific standards, including a case study. Also, consolidated financial reporting is covered by drawing examples. This textbook is not only of use for students and researchers, but interested readers that seek for broad perspectives on PSA such as practitioners and members of intergovernmental organisations. It intends to complement university teaching modules on PSA as those accessible for free under www.offene.uni-rostock.de/online-course-european-public-sector-accounting. 610 $aAccounting 610 $aArds 610 $aEurope 610 $aEuropean public sector accounting st 610 $aInternational public sector accounting st 610 $aPublic sector 700 $aPeter C. Lorson$4auth$01351837 702 $aEllen Haustein$4auth 702 $aSusana Jorge$4auth 906 $aBOOK 912 $a9910688568803321 996 $aEuropean public sector accounting$93136464 997 $aUNINA